• 首页
  • 本馆介绍
  • 公告通知
  • 最新文献
  • 馆藏检索
  • 电子资源
  • 读者导购
  • 参考咨询
  • 我的图书馆
  • 登录
  • 详细信息显示
  • 放入我的书架
  • 预约/预借图书
  • 作者相关作品
  • 分类相关作品
  • 丛书相关作品
  • 出版社相关作品

书目信息

  • 表格格式
  • 工作单格式
  • 卡片格式
题名:
马克思的青年时代
    
 
作者: 拉宾 著 ;南京大学外文系俄罗斯语言文学教研室翻译组 译
分册:  
出版信息: 北京   三联书店  1959.9
页数: 345页
开本: 20cm
丛书名:
单 册:
中图分类: A712
科图分类:
主题词: 马克思--生平事迹 , 马克思--回忆录
电子资源:
ISBN:
000 00731nam0 2200217 45
001 0181023692
005 20060815164723.98
010    @dCNY1.15
091    @a11002.590
100    @a20810111d km y0chiy0120 ea
101 0  @achi
200 1  @a马克思的青年时代@AMA KE SI DE QING NIAN SHI DAI@f(苏)尼·拉宾著@F(Su)Ni·La Bin Zhu@g南京大学外文系俄罗斯语言文学教研室翻译组译
210    @a北京@c三联书店@d1959.9
215    @a345页@d20cm
606 0  @a马克思@x生平事迹
606 0  @a马克思@x回忆录
690    @aA712@v3
701  0 @a拉宾@4著
712 02 @a南京大学外文系俄罗斯语言文学教研室翻译组@ANan Jing Da Xue Wai Wen Xi ELuo Si Yu Yan Wen Xue Jiao Yan Shi Fan Yi Zu@4译
801    @aCN@bTSTC@c20060815
905    @dA712@e18@b78111@f1
    
    马克思的青年时代/(苏)尼·拉宾著/南京大学外文系俄罗斯语言文学教研室翻译组译.-北京:三联书店,1959.9
    345页;20cm
    
    
    ISBN :CNY1.15
    
●
相关链接 在E读中查询图书 在五车中查询图书 在当当中查询图书 在豆瓣中查询图书


正题名:马克思的青年时代     索取号:A712/18         预约/预借

序号 登录号 条形码 馆藏地/架位号 状态 备注
1 0078109   000956237   第一借阅区/ [索取号:A712/18] 在馆    
2 0078110   000956629   第一借阅区/ [索取号:A712/18] 在馆    
3 0078111   000956460   第一样本阅览室/ [索取号:A712/18] 在馆    
4 0460411   204604115   密集书库/ [索取号:A712/18] 在馆    
唐山师范学院图书馆 欢迎您!
大连网信软件有限公司© 版权所有